| 000 | 00432nam a2200181Ia 4500 | ||
|---|---|---|---|
| 005 | 20250603145200.0 | ||
| 008 | 250603s9999 xx 000 0 und d | ||
| 020 | _a780070434493, 0070434492 | ||
| 050 | _aTJ 230 .B43/ | ||
| 100 | _aBhandari, VB | ||
| 245 | 0 | _aIntroduction to machine design | |
| 260 | _aNew delhi | ||
| 260 | _bTata McGraw hill | ||
| 260 | _c2006 | ||
| 300 | _a619 p | ||
| 650 | _aNew delhi | ||
| 942 | _cBK | ||
| 999 |
_c41116 _d41116 |
||